Normal view
MARC view
- PROGRAMMING WITH C# - CONCEPTS AND PRACTICE
Entry Topical Term
001 - CONTROL NUMBER
- control field: 64649
003 - CONTROL NUMBER IDENTIFIER
- control field: NUST
005 - DATE AND TIME OF LATEST TRANSACTION
- control field: 20210628203319.0
008 - FIXED-LENGTH DATA ELEMENTS
- fixed length control field: 210628|| aca||aabn | a|a d
040 ## - CATALOGING SOURCE
- Original cataloging agency: NUST
- Transcribing agency: NUST
150 ## - HEADING--TOPICAL TERM
- Topical term or geographic name entry element: PROGRAMMING WITH C# - CONCEPTS AND PRACTICE
670 ## - SOURCE DATA FOUND
- Source citation: Work cat.: (NUST): Rao, B.Rama Krishna 64648, Programming with c#, concepts and practice, 2007
